000 00631nam a22001937a 4500
999 _c181465
_d181465
005 20210915120526.0
010 _aUR-11233
020 _c300.00
_a9789390789634
035 _aU-9788
037 _bDBAD/PUB
082 _a841
100 _aا ر شد قمر
245 _aر ا حتو ں کا سبز مو سم
_cا ر شد قمر
246 _aRahaton Ka Sabz Mousam (Urdu)
_bby Arshad Qamar
260 _aN.Delhi
_c2021 ء
_bEducational Publishing House
270 _a3191, Vakil Street, Kucha Pandit Lal Kuan,
_b Delhi
_e110006
_l -
300 _a144 ص
_c22 Cm(Hb)
942 _2ddc
_cUR
_h841
_mا ر ش